00337nam a2200109Ia 4500008004000000082001300040100001900053245006700072260004300139300001100182650003400193210210b1980 xxu||||| |||| 00| 0 eng d a331 DAYI aDAYAL (Sahab). aIndustrial relations system in India: a study of vital issues. aNDbSterling publishers pvt ltd.c1980 aix,268 aIndian industrial relations